Vývoj vzdelanostnej štruktúry a vzdelávania na Slovensku

Znalosť čítania a písania v populácii Slovenska v medzivojnovom období. Vývoj vzdelanostnej štruktúry po druhej svetovej vojne. Pohľad na niektoré základné rysy vzdelávania pred rokom 1989 - učňovské vzdelávanie, gymnáziá, odborné a stredné odborné školy, dodatočné vzdelávanie, vysoké školy.

Na minha lista:
Detalhes bibliográficos
Autor principal: Šprocha, Branislav
Formato: Capítulo de Livro
Idioma:eslovaco
Assuntos:
Tags: Adicionar Tag
Sem tags, seja o primeiro a adicionar uma tag!

MARC

LEADER 00000naa a2200000 4500
001 0117384
005 20231107114038.3
041 0 |a slo 
044 |a SK 
245 1 0 |a Vývoj vzdelanostnej štruktúry a vzdelávania na Slovensku  |c Branislav Šprocha 
520 |a Znalosť čítania a písania v populácii Slovenska v medzivojnovom období. Vývoj vzdelanostnej štruktúry po druhej svetovej vojne. Pohľad na niektoré základné rysy vzdelávania pred rokom 1989 - učňovské vzdelávanie, gymnáziá, odborné a stredné odborné školy, dodatočné vzdelávanie, vysoké školy. 
610 2 0 |a vzdelávanie 
610 2 0 |a vzdelanie odborné 
610 2 0 |a vzdelanie vysokoškolské 
610 2 0 |a vzdelávanie ďalšie 
610 2 0 |a história 
610 2 0 |a Slovensko 
100 1 |a Šprocha, Branislav